000 01835nam a22002297a 4500
001 473
005 20230425161718.0
008 230425b cb ||||| |||| 00| 0 eng d
020 _a9781407139586
040 _aFISKH
_beng
_cFISKH
_dFISKH
050 _aPZ7
082 _a823.92
100 _aCollins, Poppy
245 _aHony in shimmer island
260 _aLondon :
_bScholastic.
_c2014.
300 _a79 pages :
_c20 cm.
505 _aM
520 _aIt's the school holidays, but the fashion fairy princesses are feeling glum. They're missing Rosa, who has gone to stay with her cousin Princess Honey on Shimmer Island. Then a hummingbird flies through the castle window carrying an important message. The fashion fairy princesses have been invited to join Rosa and Honey for a holiday! They excitedly pack their suitcases with the perfect summer outfits, and then board the palace's royal butterflies to make the journey. From high above the clouds they get their first glimpse of Shimmer Island, a crescent-moon-shaped slice of paradise. The fashion fairies princesses are happy to be reunited, and Honey takes them on a tour of the island, pointing out her family's majestic sand castle, the enchanted waterfall and finally the pool, where they relax on lily pads. Then it's time for the welcome party which the islanders are throwing for the princesses. They wear flower garlands around their necks and dance to the music of the shell drums. The next day the fairies wake to find the island in uproar. The reserve bottles of sunshine that are stored behind the waterfall are missing! The fairies are determined to find the culprit, and soon trace the stolen sunlight to a grumpy old sand fairy. Can they cheer her up and get the sunshine back?
521 _a810
_bLexile
521 _aM
_bRaz-Plus
942 _2ddc
_cBK
_n0
999 _c473
_d473